000 00829nam a2200205Ii 4500
003 JO-AjNU
008 230605s9999||||xx |||||||||||||| ||und||
040 _aJO-AjNU
_bara
_erda
_cJO-AjNU
041 _aara
050 1 4 _aGV885 1995
100 3 _aتاليف مارتين، تيد سانت؛ ترجمة مركز التعريب والبرمجة,
_eauthor
_914845
245 0 0 _aفن التهديف في كرة السلة ابتداء من الرمية الحرة وصولا الى كبس الكرة = The Art of Shooting Baskets
250 _aط1
264 3 1 _aبيروت: الدار العربية للعلوم، 1995
300 _a142ص
_bصور توضبحية
336 _atext
_btxt
_2rdacontent
337 _aunmediated
_bn
_2rdamedia
338 _avolume
_bnc
_2rdacarrier
650 4 _aكرة السلة - رياضة
_914846
999 _aA4055
_c7623
_d7623